Estudio para la creación del Centro Regional Universitario de Panamá Oeste, 1992 /

Presenta un estudio de las necesidades y requerimientos administrativo y docente, con el fin de tener las bases para convertir el funcionamiento de una extención en un Centro Regional universitario. Se ahonda en los problemas socioeconómicos y educativos de los estudiantes matriculados en dicha exte...

Celý popis

Uloženo v:
Podrobná bibliografie
Hlavní autor: Calderón P, Manuel
Médium: Text
Témata:
Tagy: Přidat tag
Žádné tagy, Buďte první, kdo vytvoří štítek k tomuto záznamu!

MARC

LEADER 00000 a a2200000 04500
001 4153
003
040
100 |a Calderón P, Manuel  
245 |a Estudio para la creación del Centro Regional Universitario de Panamá Oeste, 1992 /  |c Manuel Calderón P 
520 |a Presenta un estudio de las necesidades y requerimientos administrativo y docente, con el fin de tener las bases para convertir el funcionamiento de una extención en un Centro Regional universitario. Se ahonda en los problemas socioeconómicos y educativos de los estudiantes matriculados en dicha extensión. Se indica que para el año 1991, en el primer semestre, se registró un total de 42.047 estudiantes en la Universidad de Panamá, o sea el 72,4 por ciento del total de la población estudiantil universitaria de dicho país. Una alta concentración de estudiantes en ese centro educativo, ha dificultado el trabajo académico y administrativo   |a con la masificación universitaria, el espacio físico se hace pequeño. Por ello la Universidad de Panamá, ha adoptado la política de abrir diferentes centros regionales, con el objeto de descongestionar la sede central. La política de descentralización ha servido para la extensión educativa a nivel superior y ha contribuído a dar solución a las necesidades de un creciente número de estudiantes que han mostrado deseos de superación en zonas rurales bastante alejadas de la sede de la Universidad de Panamá. Estos aspectos entre otros, son la base para pensar en la necesidad de abrir centros regionales, pues con ello se le facilitaría a los jóvenes prepararse profesionalmente y al centro académico trabajar de forma más desahogada. OB/LOB  
650 |a ENSEÑANZA SUPERIOR  
650 |a PAISES EN DESARROLLO  
650 |a EDUCACION  
650 |a INVESTIGACION SOCIAL  
650 |a ASPECTOS SOCIALES  
650 |a FINANCIAMIENTO DE LA EDUCACION  
650 |a CONDICIONES DE VIDA  
650 |a ENSEÑANZA SUPERIOR  
650 |a FINANCIAMIENTO DE LA EDUCACION  
773 |g número 8; páginas 1-12  
999 |c 33602  |d 33602